00980cam a22002771 450000100060000000300080000600500170001400800410003103500190007203500180009104000390010904100080014804200120015608200300016810000460019824500830024426000280032730000530035550400300040865000260043865000310046490600450049594200120054099900170055295201330056976722BD-RjUL20211209082858.0200114s1929 enkgh b 000 0 eng  a(BD-RjUL)76946 a(OCoLC)855650 aDLCcOKentUdOCoLCdICIUdDLCbeng aeng apremarc 223a782.1445802bFAH 19291 aFarmer, Henry George,d1882-1965.923753312aA history of Arabian music to the XIIIth century,/cby Henry George Farmer ... aLondon :bLuzac,c1929. axv, 264 p. :bfront., facsims. (music) ;c23 cm. aBibliography: p. 231-247. 0aArabsvMusic.9237534 0aMusicians, Arabic.9237535 a7bcbccoclcrplduencipf19gy-gencatlg 2ddccBK c76722d76722 00102ddc40718NFICaRUCLbRUCLcReadingd1966-09-01g14.40l0o782.1445802 FAH 1929r2020-01-14 00:00:00tC-1w2020-01-14yBK